01726nam a2200301 a 4500001001000000005001700010008004100027041000800068044000700076084002100083100004500104245016000149260003300309300001900342500011900361500017000480500037800650500004701028500004001075500001001115546002501125650005201150650005601202650003401258650004501292700003701337740005001374BRCA_299420190320204048.0160109s1625----fr-#---###---#000-0#fre-u afre afr a316b.M478c16251 aCervantes Saavedra, Miguel ded1547-161610aLe valereux Don Quixote de la Manchebov l´Histoire de ses Grands Exploits d´armes, fideles Amours, et Adventures estrangescMiguel de Cervante Saavedra. aParísbJean Mestraisc1625 a742 p.c17 cm. aContenido : Primera parte. Dedicatoria al Rey por el traductor. Prólogo del autor. Advertencia del editor. Texto aEdición : Oeuvre non moins vtile qve de plaisante et delectable lecture. Traduit fidelement de l´Espagnol de Michel de Cervantes, et dedi, au Roy. Par Cesar Ovdin aCuarta edición de la traucción francesa de la primera parte, copia de la segunda y tercera, impresas en 1616 y 1620, respectivamente, pero carece del extracto del privilegio. La parte tipográfica no es tan perfecta. La segunda y tercera guarda contienen notas escritas a mano, con tinta y lápiz. Piel; lomera decorada con florones y filetes dorados Lúdovik Osterc aEstado físico : Anotaciones en la guarda aExistencias : Complementa al LO-317 aQM239 aTexto en : francés14aNovela españolayÉpoca clásica, 1500-170014aLiteratura españolayÉpoca clásica, 1500-170014aNovela españolaySiglo XVII14aDon Quijote (Personaje ficticio)eNovela1 aOudin, Césard-1625eTraductor0 aEl Ingenioso Hidalgo Don Quijote de la Mancha